Sigla delle province italiane (sigla --> provincia) - Statistics

Statistiche generali
  • Questo quiz è stato fatto 182 volte
  • Il punteggio medio è 19 su 24
Statistiche sulle risposte
Hint Risposta % Corretto
SA Salerno
98%
FM Fermo
89%
AG Agrigento
87%
FE Ferrara
87%
LE Lecce
87%
PN Pordenone
87%
TO Torino
87%
AR Arezzo
86%
FR Frosinone
86%
SR Siracusa
86%
LO Lodi
85%
AV Avellino
84%
CL Caltanissetta
84%
BN Benevento
83%
PA Palermo
79%
TN Trento
79%
CT Catania
78%
SI Siena
78%
BS Brescia
77%
PR Parma
72%
TR Terni
69%
CA Cagliari
68%
LC Lecco
68%
BR Brindisi
61%
Nessun quiz corrispondente trovato
Distribuzione punteggi
Percentuale di utenti per punteggio
Percentile per numero di risposta
I tuoi punteggi nel tempo
Non hai fatto questo quiz